| 000 | 00354cam a2200145ua 4500 | ||
|---|---|---|---|
| 041 |
_aeng _h |
||
| 082 |
_a823.308 _bWYA/TA |
||
| 100 | _aWyatt, H.G . | ||
| 245 |
_aTale of the bounty / _cH.G Wyatt. _hTextual Documents |
||
| 260 |
_aLondon : _bOxford University Press , _c1961. |
||
| 300 | _a119 ; . | ||
| 504 | _a | ||
| 942 | _cBK | ||
| 999 |
_c8721 _d8721 |
||